[Event "Philadelphia International"]
[Site "Philadelphia"]
[Date "2012.06.30"]
[Round "4.26"]
[White "Wheeler, Cameron"]
[Black "Ni, Viktorija"]
[Result "0-1"]
[WhiteElo "2066"]
[BlackElo "2228"]
[PlyCount "94"]
[EventDate "2012.07.??"]
[EventType "swiss"]
[EventRounds "9"]
[EventCountry "USA"]
[Source "MonRoi"]

1. c4 g6 2. g3 Bg7 3. Bg2 c5 4. Nf3 Nc6 5. O-O d6 6. Nc3 Nf6 7. d4 cxd4 8. Nxd4
Qb6 9. Nc2 O-O 10. h3 Qc5 11. b3 Qh5 12. e4 Bg4 13. f3 Bxh3 14. Bb2 Nd7 15. Rb1
Be5 16. Ne2 Bxg2 17. Kxg2 Bxb2 18. Rxb2 Qe5 19. Rb1 a5 20. Ne3 f5 21. Qd5+ e6
22. Qxe5 dxe5 23. exf5 gxf5 24. a3 Nc5 25. Rfd1 Rfd8 26. b4 axb4 27. axb4 Ra2
28. Rxd8+ Nxd8 29. Kf1 Na4 30. Rd1 Nc6 31. b5 Na5 32. Rd8+ Kf7 33. Rd7+ Kg6 34.
Rd6 Nc5 35. Rd8 Ra3 36. Kf2 Ra4 37. Rg8+ Kf7 38. Rh8 Nd3+ 39. Kg1 Ra1+ 40. Nf1
Nxc4 41. Rxh7+ Kg6 42. Rd7 Nc5 43. Rc7 Ne3 44. Rxc5 Rxf1+ 45. Kh2 Rf2+ 46. Kh3
Rxe2 47. Rc7 Nf1 0-1

[Event "Philadelphia International"]
[Site "Philadelphia"]
[Date "2012.06.30"]
[Round "4.27"]
[White "Nahutin, Yevgeni"]
[Black "Gokhale, Chandrashekar"]
[Result "1/2-1/2"]
[WhiteElo "1999"]
[BlackElo "2218"]
[PlyCount "64"]
[EventDate "2012.07.??"]
[EventType "swiss"]
[EventRounds "9"]
[EventCountry "USA"]
[Source "MonRoi"]

1. e4 d6 2. d4 Nf6 3. Nc3 e5 4. dxe5 dxe5 5. Qxd8+ Kxd8 6. Bg5 Be6 7. O-O-O+
Nbd7 8. f4 exf4 9. Nf3 Kc8 10. Bxf4 Nh5 11. Be3 Bc5 12. Nd4 Nhf6 13. Be2 Bg4
14. Bf3 Ne5 15. Rhf1 Rd8 16. Bg1 Re8 17. Bxg4+ Nfxg4 18. h3 Nf6 19. Nf5 Bxg1
20. Rxg1 g6 21. Nh6 Nfd7 22. Rgf1 f6 23. Nd5 Rf8 24. b3 c6 25. Nf4 Re8 26. Rd6
Kc7 27. Rfd1 Re7 28. Ne6+ Kb6 29. Nf4 Kc7 30. Ne6+ Kb6 31. Nf4 Kc7 32. Ne6+ Kb6
1/2-1/2

[Event "Philadelphia International"]
[Site "Philadelphia"]
[Date "2012.06.30"]
[Round "4.30"]
[White "Pratyusha, Bodda"]
[Black "Pryor, Jamieson"]
[Result "1-0"]
[WhiteElo "2123"]
[BlackElo "1855"]
[PlyCount "59"]
[EventDate "2012.07.??"]
[EventType "swiss"]
[EventRounds "9"]
[EventCountry "USA"]
[Source "MonRoi"]

1. e4 c5 2. Nf3 d6 3. d4 cxd4 4. Nxd4 Nf6 5. Nc3 a6 6. Be3 e5 7. Nb3 Be6 8. f3
Nbd7 9. Qd2 Be7 10. O-O-O O-O 11. g4 b5 12. g5 Nh5 13. h4 Ng3 14. Rh2 Nxf1 15.
Rxf1 Nb6 16. Qg2 Nc4 17. Bf2 Qc7 18. f4 Rac8 19. f5 Nxb2 20. Be1 Bxb3 21. axb3
Nd3+ 22. cxd3 d5 23. Kb1 d4 24. Na2 Ba3 25. f6 g6 26. h5 Qd7 27. Qh3 Qxh3 28.
Rxh3 Rc5 29. Bb4 Bxb4 30. Nxb4 1-0

[Event "Philadelphia International"]
[Site "Philadelphia"]
[Date "2012.07.02"]
[Round "5.1"]
[White "Smith, Bryan"]
[Black "Gupta, Abhijeet"]
[Result "1/2-1/2"]
[WhiteElo "2444"]
[BlackElo "2644"]
[PlyCount "57"]
[EventDate "2012.07.??"]
[EventType "swiss"]
[EventRounds "9"]
[EventCountry "USA"]
[Source "MonRoi"]
[TimeControl "5400+1340"]
[WhiteClock "0:09:17"]
[BlackClock "0:35:00"]

1. e4 c5 2. Nf3 d6 3. d4 cxd4 4. Nxd4 Nf6 5. Nc3 Nc6 6. Bg5 e6 7. Qd2 a6 8.
O-O-O Bd7 9. f3 Be7 10. h4 h6 11. Be3 h5 12. Bg5 Ne5 13. f4 Neg4 14. Qe1 Qc7
15. g3 b5 16. a3 Qc5 17. Bh3 Rc8 18. Bxg4 Nxg4 19. Bxe7 Kxe7 20. e5 dxe5 21.
Ne4 Qc4 22. b3 Qc7 23. fxe5 Kf8 24. Nd6 Qc3 25. Qe4 Qa1+ 26. Kd2 Qc3+ 27. Kc1
Qa1+ 28. Kd2 Qc3+ 29. Ke2 1/2-1/2

[Event "Philadelphia International"]
[Site "Philadelphia"]
[Date "2012.07.02"]
[Round "5.2"]
[White "Bosiocici, Marin"]
[Black "Evdokimov, Alexander"]
[Result "0-1"]
[WhiteElo "2555"]
[BlackElo "2544"]
[PlyCount "128"]
[EventDate "2012.07.??"]
[EventType "swiss"]
[EventRounds "9"]
[EventCountry "USA"]
[Source "MonRoi"]
[TimeControl "6000+960"]
[WhiteClock "0:21:26"]
[BlackClock "0:05:35"]

1. d4 Nf6 2. c4 c5 3. d5 e6 4. Nc3 exd5 5. cxd5 g6 6. e4 d6 7. f4 Bg7 8. Nf3
O-O 9. Be2 Re8 10. e5 dxe5 11. fxe5 Ng4 12. e6 fxe6 13. d6 Nc6 14. O-O Bd7 15.
Bg5 Qa5 16. h3 Nf6 17. Bc4 Kh8 18. Nb5 Nd5 19. Bd2 Qb6 20. a4 Nd4 21. Nbxd4
cxd4 22. Ng5 Rf8 23. Qg4 Qxb2 24. Bxd5 Qxd2 25. Bxe6 Bh6 26. Bxd7 Qxg5 27. Rab1
Qe5 28. Qe6 Bf4 29. Qxe5+ Bxe5 30. Rxf8+ Rxf8 31. Rxb7 Bxd6 32. Bb5 Bc5 33. Rd7
Bb6 34. g4 d3+ 35. Kg2 Rf2+ 36. Kg3 d2 37. g5 Be3 38. h4 Rf8 39. a5 h6 40. gxh6
Rf5 41. Be2 Rxa5 42. h7 Ra1 43. Kf3 Bh6 44. Kf2 Rh1 45. h5 Rh2+ 46. Kf3 Rxh5
47. Rxa7 Rf5+ 48. Kg3 Rg5+ 49. Kf2 Rf5+ 50. Kg3 Rd5 51. Bd1 Bg7 52. Kf3 Kxh7
53. Ke2 Kh6 54. Ra3 Bf8 55. Ra4 Be7 56. Bc2 Rd6 57. Rg4 Bg5 58. Rg1 Re6+ 59.
Kd1 Ra6 60. Bb1 Rc6 61. Bc2 Bf4 62. Rh1+ Kg7 63. Rh4 Rc4 64. Rh3 g5 0-1

[Event "Philadelphia International"]
[Site "Philadelphia"]
[Date "2012.07.02"]
[Round "5.3"]
[White "Ludwig, Daniel"]
[Black "Romanov, Evgeny"]
[Result "1/2-1/2"]
[WhiteElo "2456"]
[BlackElo "2631"]
[PlyCount "65"]
[EventDate "2012.07.??"]
[EventType "swiss"]
[EventRounds "9"]
[EventCountry "USA"]
[Source "MonRoi"]
[TimeControl "6000+1135"]
[WhiteClock "0:10:56"]
[BlackClock "0:08:22"]

1. d4 Nf6 2. c4 e6 3. Nc3 Bb4 4. Qc2 d6 5. Nf3 Nbd7 6. a3 Bxc3+ 7. Qxc3 O-O 8.
g3 Re8 9. Bg2 e5 10. dxe5 Nxe5 11. Nxe5 Rxe5 12. Bf4 Re8 13. O-O Ne4 14. Qd4
Nc5 15. Rad1 a5 16. Be3 a4 17. Qc3 Qe7 18. Bxc5 dxc5 19. Rd2 c6 20. Rfd1 Be6
21. e4 f6 22. h3 Qf7 23. f4 Qc7 24. f5 Bf7 25. Rd7 Qb8 26. R1d6 Re7 27. Qd3
Rxd7 28. Rxd7 h6 29. Re7 Qd8 30. Rd7 Qb8 31. Re7 Qd8 32. Rd7 Qb8 33. Kh2
1/2-1/2

[Event "Philadelphia International"]
[Site "Philadelphia"]
[Date "2012.07.02"]
[Round "5.4"]
[White "Ippolito, Dean"]
[Black "Jankovic, Alojzije"]
[Result "1/2-1/2"]
[WhiteElo "2432"]
[BlackElo "2564"]
[PlyCount "59"]
[EventDate "2012.07.??"]
[EventType "swiss"]
[EventRounds "9"]
[EventCountry "USA"]
[Source "MonRoi"]
[TimeControl "6000+990"]
[WhiteClock "0:05:09"]
[BlackClock "0:28:51"]

1. d4 Nf6 2. c4 g6 3. Nf3 Bg7 4. g3 O-O 5. Bg2 d6 6. O-O c6 7. Nc3 a6 8. e4 Bg4
9. h3 Bxf3 10. Qxf3 Nfd7 11. Rd1 b5 12. Qe2 Qa5 13. a3 b4 14. axb4 Qxb4 15. e5
dxe5 16. d5 Qb7 17. b4 e4 18. Qxe4 Bxc3 19. dxc6 Nxc6 20. Qxc6 Qxc6 21. Bxc6
Rad8 22. Bh6 Bxa1 23. Bxf8 Kxf8 24. Rxa1 Ne5 25. Rxa6 Nxc4 26. b5 Rd1+ 27. Kg2
Rb1 28. Bd5 Nd6 29. b6 Kg7 30. b7 1/2-1/2

[Event "Philadelphia International"]
[Site "Philadelphia"]
[Date "2012.07.01"]
[Round "5.6"]
[White "Gujrathi, Vidit"]
[Black "Pratyusha, Bodda"]
[Result "1/2-1/2"]
[WhiteElo "2528"]
[BlackElo "2123"]
[PlyCount "37"]
[EventDate "2012.07.??"]
[EventType "swiss"]
[EventRounds "9"]
[EventCountry "USA"]
[Source "MonRoi"]

1. Nf3 Nf6 2. c4 b6 3. g3 c5 4. Bg2 Bb7 5. O-O e6 6. b3 Be7 7. Bb2 Qc7 8. Nc3
a6 9. Rc1 d6 10. e3 Nbd7 11. Qe2 Rc8 12. Nh4 Bxg2 13. Nxg2 Qb7 14. f4 d5 15. d3
b5 16. g4 dxc4 17. bxc4 bxc4 18. dxc4 Nxg4 19. e4 1/2-1/2

[Event "Philadelphia International"]
[Site "Philadelphia"]
[Date "2012.07.01"]
[Round "5.9"]
[White "Zapata, Alonso"]
[Black "Battaglini, Gabriel"]
[Result "1-0"]
[WhiteElo "2484"]
[BlackElo "2412"]
[PlyCount "63"]
[EventDate "2012.07.??"]
[EventType "swiss"]
[EventRounds "9"]
[EventCountry "USA"]
[Source "MonRoi"]

1. e4 c6 2. d4 d5 3. exd5 cxd5 4. c3 Nc6 5. Nf3 Nf6 6. Bd3 Bg4 7. Nbd2 e6 8.
Nf1 Bd6 9. Ng3 Nh5 10. O-O Nf4 11. Bxf4 Bxf4 12. h3 Bxf3 13. Qxf3 Qg5 14. Nh5
Bd6 15. h4 Qh6 16. Rfe1 Be7 17. g3 O-O 18. Re2 Rab8 19. a4 a6 20. Kg2 b5 21.
axb5 axb5 22. Ra6 Rfc8 23. Nf4 Qf6 24. Qg4 Bd6 25. Nxe6 h5 26. Qxh5 fxe6 27.
Re3 g6 28. Bxg6 Rc7 29. Rf3 Qh8 30. Bf7+ Kg7 31. Qg5+ Kf8 32. Bh5+ 1-0

[Event "Philadelphia International"]
[Site "Philadelphia"]
[Date "2012.07.01"]
[Round "5.10"]
[White "Chakkravarthy, Deepan"]
[Black "Ostrovskiy, Aleksandr"]
[Result "1-0"]
[WhiteElo "2461"]
[BlackElo "2322"]
[PlyCount "59"]
[EventDate "2012.07.??"]
[EventType "swiss"]
[EventRounds "9"]
[EventCountry "USA"]
[Source "MonRoi"]

1. d4 d5 2. c4 c6 3. Nf3 Nf6 4. e3 Bf5 5. Nc3 e6 6. Nh4 Be4 7. f3 Bg6 8. Nxg6
hxg6 9. Qb3 Qc7 10. Bd2 Be7 11. O-O-O Nbd7 12. Kb1 a5 13. cxd5 Nxd5 14. e4
Nxc3+ 15. Bxc3 a4 16. Qc2 O-O 17. Be1 a3 18. b3 Rac8 19. h4 c5 20. h5 cxd4 21.
Qxc7 Rxc7 22. Bg3 Rc5 23. Rxd4 Nb6 24. hxg6 Rfc8 25. Bd3 Rg5 26. Bd6 Bf6 27. e5
Bxe5 28. Rdh4 fxg6 29. f4 Rg3 30. fxe5 1-0

[Event "Philadelphia International"]
[Site "Philadelphia"]
[Date "2012.07.01"]
[Round "5.20"]
[White "Patil, Anuprita"]
[Black "Santana, Mauricio"]
[Result "1/2-1/2"]
[WhiteElo "2101"]
[BlackElo "2316"]
[PlyCount "182"]
[EventDate "2012.07.??"]
[EventType "swiss"]
[EventRounds "9"]
[EventCountry "USA"]
[Source "MonRoi"]

1. d4 f5 2. Nf3 Nf6 3. g3 e6 4. Bg2 d5 5. O-O Bd6 6. c4 c6 7. Qc2 O-O 8. Nbd2
Bd7 9. Rb1 Be8 10. b4 Nbd7 11. Rb3 Rc8 12. Qd3 Bg6 13. Nh4 Bh5 14. a3 g5 15.
Nhf3 Ne4 16. Ne1 e5 17. c5 Bc7 18. f3 Nxd2 19. Qxd2 f4 20. Bh3 Qe7 21. dxe5
Bxe5 22. Bxd7 Qxd7 23. g4 Bf7 24. Rb1 Rce8 25. Bb2 Bxb2 26. Rxb2 Bg6 27. Nc2
Bxc2 28. Rxc2 Re3 29. Rc3 Rxc3 30. Qxc3 Qe6 31. Kf2 Re8 32. Re1 Qh6 33. Kg2 Re3
34. Qb2 Qg7 35. Qb1 Qe5 36. Kf2 Rxa3 37. b5 Qe7 38. Qf5 Re3 39. Qc8+ Qe8 40.
Qxb7 Re6 41. bxc6 Rxc6 42. Qxa7 Qe3+ 43. Kf1 Qxc5 44. Qb8+ Rc8 45. Qe5 d4 46.
Qe6+ Kf8 47. Qf6+ Kg8 48. Rd1 Re8 49. Qxd4 Qxd4 50. Rxd4 Kg7 51. h4 h6 52. h5
Re7 53. Ke1 Ra7 54. Kd2 Re7 55. Rd6 Kh7 56. Rd3 Kg7 57. e3 fxe3+ 58. Rxe3 Rd7+
59. Rd3 Ra7 60. Rd6 Re7 61. Rg6+ Kh7 62. Rf6 Kg7 63. Rf5 Ra7 64. Rb5 Re7 65.
Kd3 Rf7 66. Ke4 Rf4+ 67. Ke3 Rf7 68. Rb3 Ra7 69. Rd3 Kf6 70. Rd6+ Kg7 71. Rg6+
Kh7 72. Re6 Rf7 73. Rc6 Kg7 74. Rc3 Kf6 75. Ke4 Re7+ 76. Kd5 Rd7+ 77. Kc6 Rd4
78. Kc5 Rf4 79. Kd5 Kg7 80. Ke6 Rf6+ 81. Ke5 Rf7 82. Rd3 Re7+ 83. Kd6 Rf7 84.
Re3 Rf4 85. Ke5 Rf8 86. Rb3 Re8+ 87. Kd6 Rf8 88. Rb7+ Kg8 89. Rb3 Kg7 90. Rb7+
Kg8 91. Rb3 Kg7 1/2-1/2

[Event "Philadelphia International"]
[Site "Philadelphia"]
[Date "2012.07.01"]
[Round "5.22"]
[White "Vazquez, Raul"]
[Black "Coraretti, Benjamin"]
[Result "1/2-1/2"]
[WhiteElo "2287"]
[BlackElo "2066"]
[PlyCount "59"]
[EventDate "2012.07.??"]
[EventType "swiss"]
[EventRounds "9"]
[EventCountry "USA"]
[Source "MonRoi"]

1. e4 e5 2. Nf3 Nc6 3. Bb5 Nf6 4. Qe2 Bc5 5. d3 d6 6. c3 O-O 7. Bg5 a6 8. Ba4
Ba7 9. Nbd2 h6 10. Bh4 Bd7 11. Nf1 Ne7 12. Bxd7 Nxd7 13. Ne3 Qe8 14. O-O Ng6
15. Bg3 Nc5 16. Nh4 Qb5 17. Nc4 Nxh4 18. Bxh4 Ne6 19. a4 Qd7 20. Qg4 Nc5 21.
Qxd7 Nxd7 22. b4 f5 23. exf5 Rxf5 24. Kh1 Nf6 25. f3 Nd5 26. Rac1 Nf4 27. Nb2
a5 28. Bf2 Bxf2 29. Rxf2 Nd5 30. b5 1/2-1/2

[Event "Philadelphia International"]
[Site "Philadelphia"]
[Date "2012.07.01"]
[Round "5.25"]
[White "Gokhale, Chandrashekar"]
[Black "Liang, Awonder"]
[Result "1-0"]
[WhiteElo "2218"]
[BlackElo "1890"]
[PlyCount "105"]
[EventDate "2012.07.??"]
[EventType "swiss"]
[EventRounds "9"]
[EventCountry "USA"]
[Source "MonRoi"]

1. Nf3 Nf6 2. d4 d5 3. Bf4 e6 4. e3 Bd6 5. Ne5 O-O 6. Bd3 Nbd7 7. Nd2 c5 8. c3
Qc7 9. Ndf3 Ne4 10. Nxd7 Bxd7 11. Bxd6 Qxd6 12. O-O Nf6 13. Ne5 Rfc8 14. Qf3
Qb6 15. g4 Be8 16. g5 Nd7 17. Qh3 g6 18. Ng4 cxd4 19. cxd4 Qxb2 20. Qh6 Qa3 21.
Bb5 f5 22. Bxd7 fxg4 23. Bxe6+ Kh8 24. Bxc8 Rxc8 25. Qh4 Bd7 26. Qg3 Re8 27.
Rac1 Bc6 28. Qxg4 Qxa2 29. Ra1 Qc4 30. Rxa7 Qb4 31. Rfa1 Qf8 32. Kg2 Kg7 33.
Qh4 Qf5 34. Ra8 Qe4+ 35. Qxe4 Rxe4 36. h3 Re7 37. Rc8 Kf7 38. Raa8 Ke6 39. Rf8
Kd7 40. Rac8 Bb5 41. Kg3 Bc4 42. Rfd8+ Ke6 43. e4 b5 44. Rc6+ Kf7 45. exd5 Rb7
46. Rh8 Kg7 47. Rhc8 Bxd5 48. R6c7+ Rxc7 49. Rxc7+ Kg8 50. Kf4 b4 51. Ke5 Ba2
52. Kf6 Kh8 53. Rb7 1-0

[Event "Philadelphia International"]
[Site "Philadelphia"]
[Date "2012.07.01"]
[Round "5.26"]
[White "Pryor, Jamieson"]
[Black "Nilsson, Martin"]
[Result "1/2-1/2"]
[WhiteElo "1855"]
[BlackElo "2197"]
[PlyCount "57"]
[EventDate "2012.07.??"]
[EventType "swiss"]
[EventRounds "9"]
[EventCountry "USA"]
[Source "MonRoi"]

1. d4 Nf6 2. c4 g6 3. Nc3 Bg7 4. e4 d6 5. Nf3 O-O 6. Be2 c5 7. d5 e6 8. O-O Re8
9. Bf4 e5 10. Be3 Nh5 11. Re1 Nd7 12. a3 Ndf6 13. b4 b6 14. Nd2 Nf4 15. Rb1 h5
16. a4 Ng4 17. Bxg4 Bxg4 18. f3 Bc8 19. Nf1 h4 20. bxc5 bxc5 21. Qc2 h3 22. g3
Ng2 23. Re2 Nxe3 24. Nxe3 Bh6 25. Qd3 Rf8 26. Reb2 Qg5 27. Nf1 Ba6 28. Nb5 Qd8
29. Ne3 1/2-1/2

[Event "Philadelphia International"]
[Site "Philadelphia"]
[Date "2012.07.01"]
[Round "5.28"]
[White "Lopez, Jorge"]
[Black "Lyansky, Yan"]
[Result "1-0"]
[WhiteElo "2090"]
[BlackElo "1810"]
[PlyCount "29"]
[EventDate "2012.07.??"]
[EventType "swiss"]
[EventRounds "9"]
[EventCountry "USA"]
[Source "MonRoi"]

1. e4 e6 2. d4 d5 3. exd5 exd5 4. Bd3 Nf6 5. Bg5 Bd6 6. Nc3 c6 7. Qf3 Bg4 8.
Qe3+ Be6 9. Nf3 O-O 10. O-O Bg4 11. Ne5 Re8 12. Bxf6 gxf6 13. Qh6 fxe5 14.
Bxh7+ Kh8 15. Bg6+ 1-0

[Event "Philadelphia International"]
[Site "Philadelphia"]
[Date "2012.07.01"]
[Round "5.30"]
[White "Helfst, Matt"]
[Black "Ebrahim-Shirazi, Behrooz"]
[Result "1-0"]
[WhiteElo "1930"]
[BlackElo "2070"]
[PlyCount "65"]
[EventDate "2012.07.??"]
[EventType "swiss"]
[EventRounds "9"]
[EventCountry "USA"]
[Source "MonRoi"]

1. d4 d5 2. c4 e6 3. Nf3 Nf6 4. g3 dxc4 5. Qa4+ Bd7 6. Qxc4 Bc6 7. Bg2 Nbd7 8.
O-O Nb6 9. Qd3 Be4 10. Qd1 Be7 11. Nc3 Bc6 12. Re1 O-O 13. e4 Rc8 14. Ne5 Be8
15. Bf4 c6 16. Qd3 Nh5 17. Be3 f6 18. Nc4 e5 19. Nxb6 axb6 20. d5 Bg6 21. Qe2
Bb4 22. Bh3 Bxc3 23. bxc3 Ra8 24. dxc6 bxc6 25. Red1 Qe8 26. Bxb6 f5 27. exf5
Bxf5 28. Bxf5 Rxf5 29. Qc4+ Kh8 30. Rd6 Rf6 31. Rad1 Rxd6 32. Rxd6 Rc8 33. Qe6
1-0

[Event "Philadelphia International"]
[Site "Philadelphia"]
[Date "2012.07.01"]
[Round "6.1"]
[White "Gupta, Abhijeet"]
[Black "Zapata, Alonso"]
[Result "1-0"]
[WhiteElo "2644"]
[BlackElo "2484"]
[PlyCount "78"]
[EventDate "2012.07.??"]
[EventType "swiss"]
[EventRounds "9"]
[EventCountry "USA"]
[Source "MonRoi"]
[TimeControl "6000+880"]
[WhiteClock "0:01:54"]
[BlackClock "0:00:56"]

1. d4 Nf6 2. c4 g6 3. Nc3 Bg7 4. e4 d6 5. f3 O-O 6. Nge2 c5 7. d5 e6 8. Ng3
exd5 9. cxd5 a6 10. a4 Nbd7 11. Be2 Ne8 12. O-O Rb8 13. Be3 Nc7 14. f4 f6 15.
f5 Ne5 16. h4 Qe7 17. Rb1 a5 18. fxg6 hxg6 19. h5 f5 20. Qd2 Qh4 21. Nh1 Ng4
22. Bxg4 Qxg4 23. hxg6 Bd7 24. Rf4 Qxg6 25. Rbf1 fxe4 26. Nxe4 Rxf4 27. Rxf4
Re8 28. Nhf2 Re5 29. Rh4 Bf5 30. Bh6 Bh8 31. Qd3 Ne8 32. Qf3 Nf6 33. Nxd6 Rxd5
34. Nxf5 Qxf5 35. Qg3+ Kf7 36. Qb8 Re5 37. Qf8+ Ke6 38. Bd2 Re2 39. Qc8+ Kd5
1-0

[Event "Philadelphia International"]
[Site "Philadelphia"]
[Date "2012.07.01"]
[Round "6.2"]
[White "Romanov, Evgeny"]
[Black "Ippolito, Dean"]
[Result "0-1"]
[WhiteElo "2631"]
[BlackElo "2432"]
[PlyCount "62"]
[EventDate "2012.07.??"]
[EventType "swiss"]
[EventRounds "9"]
[EventCountry "USA"]
[Source "MonRoi"]
[TimeControl "5400+1895"]
[WhiteClock "0:06:05"]
[BlackClock "0:03:39"]

1. c4 e6 2. g3 Nf6 3. Bg2 d5 4. Nf3 Be7 5. d4 O-O 6. Qc2 c5 7. dxc5 Bxc5 8.
cxd5 Qc7 9. Nc3 Nxd5 10. O-O Nd7 11. Bd2 Bb4 12. Ng5 N7f6 13. Be4 Bxc3 14.
Bxh7+ Kh8 15. bxc3 g6 16. c4 Ne7 17. Bc3 e5 18. Nxf7+ Rxf7 19. Bxg6 Rg7 20. Bd3
Bh3 21. Rfd1 Qc6 22. e4 Ng4 23. Bf1 Bxf1 24. Rxf1 Qh6 25. h4 Rag8 26. Qd2 Qh5
27. Qe2 Ng6 28. f3 Nf6 29. Kh1 Nxh4 30. Qh2 Rxg3 31. Be1 Rg1+ 0-1

[Event "Philadelphia International"]
[Site "Philadelphia"]
[Date "2012.07.01"]
[Round "6.3"]
[White "Jankovic, Alojzije"]
[Black "Sarkar, Justin"]
[Result "1-0"]
[WhiteElo "2564"]
[BlackElo "2411"]
[PlyCount "91"]
[EventDate "2012.07.??"]
[EventType "swiss"]
[EventRounds "9"]
[EventCountry "USA"]
[Source "MonRoi"]

1. d4 Nf6 2. c4 g6 3. Nc3 d5 4. Nf3 Bg7 5. Qa4+ Bd7 6. Qb3 dxc4 7. Qxc4 O-O 8.
Bf4 c6 9. e4 b5 10. Qb3 Qa5 11. e5 Be6 12. Qc2 Nd5 13. Bd2 Nb4 14. Qc1 Qb6 15.
a3 Nd5 16. h4 h5 17. Ne4 Nd7 18. Be2 Bf5 19. Nc3 Nxc3 20. bxc3 c5 21. Qb2 a6
22. O-O Be4 23. Bg5 f6 24. exf6 exf6 25. Be3 Qc6 26. Rfd1 c4 27. d5 Qc8 28. Nd4
Nb6 29. d6 Na4 30. Qd2 Rd8 31. f3 Bb7 32. Bf4 Bf8 33. Qe1 Kf7 34. Kh2 Rd7 35.
Ne6 Qc6 36. Nxf8 Rxf8 37. Qd2 Re8 38. Re1 g5 39. Qc2 Kg7 40. hxg5 fxg5 41. Qf5
gxf4 42. Bxc4 Re3 43. Qg5+ Kh7 44. Bg8+ Kh8 45. Be6 Kh7 46. Qf5+ 1-0

[Event "Philadelphia International"]
[Site "Philadelphia"]
[Date "2012.07.01"]
[Round "6.4"]
[White "Bosiocic, Marin"]
[Black "Ludwig, Daniel"]
[Result "1-0"]
[WhiteElo "2555"]
[BlackElo "2456"]
[PlyCount "47"]
[EventDate "2012.07.??"]
[EventType "swiss"]
[EventRounds "9"]
[EventCountry "USA"]
[Source "MonRoi"]

1. d4 Nf6 2. c4 e6 3. Nc3 Bb4 4. e3 O-O 5. Bd3 d5 6. Nf3 c5 7. O-O dxc4 8. Bxc4
cxd4 9. exd4 b6 10. Bg5 Bb7 11. Re1 Bxc3 12. bxc3 Nbd7 13. Rc1 Qc7 14. Bd3 Rfe8
15. Bh4 Rac8 16. Bg3 Qc6 17. a4 Qd5 18. c4 Qa5 19. Ne5 Red8 20. Bh4 Nf8 21.
Bxf6 gxf6 22. Qg4+ Ng6 23. Bxg6 hxg6 24. Nxg6 1-0

[Event "Philadelphia International"]
[Site "Philadelphia"]
[Date "2012.07.01"]
[Round "6.5"]
[White "Evdokimov, Alexander"]
[Black "Sethuraman, S."]
[Result "1/2-1/2"]
[WhiteElo "2544"]
[BlackElo "2546"]
[PlyCount "154"]
[EventDate "2012.07.??"]
[EventType "swiss"]
[EventRounds "9"]
[EventCountry "USA"]
[Source "MonRoi"]
[TimeControl "6000+1150"]
[WhiteClock "0:02:21"]
[BlackClock "0:00:40"]

1. d4 Nf6 2. c4 e6 3. Nf3 b6 4. g3 Bb4+ 5. Bd2 Bxd2+ 6. Qxd2 Ba6 7. Qc2 Bb7 8.
Bg2 c5 9. O-O cxd4 10. Nxd4 Bxg2 11. Kxg2 O-O 12. Rd1 Qc8 13. Nd2 d5 14. Rac1
Na6 15. a3 Qb7 16. cxd5 Rac8 17. Qb3 Nc5 18. Qf3 Qxd5 19. Qxd5 Nxd5 20. Rc2
Rcd8 21. N2f3 a6 22. Rdc1 h6 23. Kg1 Ne7 24. b4 Na4 25. Rc7 Nd5 26. R7c6 Rfe8
27. R6c2 Ne7 28. Nb3 Nf5 29. Ne5 Nd6 30. Nc6 Ra8 31. Rd1 Nb5 32. Nbd4 Nxa3 33.
Rcc1 Nb2 34. Rd2 Nac4 35. Rdc2 b5 36. Ra1 e5 37. Nb3 Na4 38. Nba5 Ncb6 39. Nb7
Re6 40. Rd1 Rc8 41. Rdc1 Rc7 42. Nba5 Re8 43. e4 Kf8 44. Kf1 Rec8 45. Ke2 f6
46. Nb3 Ke8 47. h4 h5 48. f4 Nd7 49. Nba5 exf4 50. gxf4 Nf8 51. Ke3 Ne6 52. f5
Nd8 53. Nd4 Rxc2 54. Rxc2 Rxc2 55. Nxc2 Kd7 56. Nd4 Nc3 57. Nab3 Kd6 58. Nc1
Nd1+ 59. Ke2 Nb2 60. Ke3 Nc4+ 61. Kf4 Ne5 62. Ke3 Ndc6 63. Nxc6 Nxc6 64. Nd3 a5
65. bxa5 Nxa5 66. Nf4 b4 67. Nxh5 b3 68. Kd3 b2 69. Kc2 Nc4 70. Nxg7 Kc5 71.
Ne8 Kb4 72. Nxf6 Ka3 73. Nd5 Ne3+ 74. Kb1 Nc4 75. Kc2 Ne3+ 76. Kb1 Nc4 77. Kc2
Nd6 1/2-1/2

[Event "Philadelphia International"]
[Site "Philadelphia"]
[Date "2012.07.01"]
[Round "6.7"]
[White "Venkatesh, Marani"]
[Black "Smith, Bryan"]
[Result "1-0"]
[WhiteElo "2517"]
[BlackElo "2444"]
[PlyCount "63"]
[EventDate "2012.07.??"]
[EventType "swiss"]
[EventRounds "9"]
[EventCountry "USA"]
[Source "MonRoi"]
[TimeControl "6000+1295"]
[WhiteClock "0:20:13"]
[BlackClock "0:15:33"]

1. e4 c5 2. Nc3 Nc6 3. Bb5 Nd4 4. Bc4 a6 5. a4 g6 6. f4 Bg7 7. Nf3 e6 8. d3 Ne7
9. Nxd4 cxd4 10. Ne2 d5 11. Bb3 dxe4 12. dxe4 Qb6 13. a5 Qc5 14. e5 Nc6 15. Ng3
O-O 16. Ne4 Qe7 17. O-O f6 18. exf6 Bxf6 19. f5 gxf5 20. Rxf5 Be5 21. Qg4+ Kh8
22. Rxf8+ Qxf8 23. Bg5 d3 24. c3 Qf5 25. Qh4 Bd7 26. Rf1 Qg6 27. Nf6 Qg7 28.
Ng4 Kg8 29. Bh6 Qg6 30. Nf6+ Kh8 31. Nxd7 Rg8 32. g3 1-0

[Event "Philadelphia International"]
[Site "Philadelphia"]
[Date "2012.07.01"]
[Round "6.8"]
[White "Sachdev, Tania"]
[Black "Nikhil, Shyam"]
[Result "1/2-1/2"]
[WhiteElo "2417"]
[BlackElo "2502"]
[PlyCount "100"]
[EventDate "2012.07.??"]
[EventType "swiss"]
[EventRounds "9"]
[EventCountry "USA"]
[Source "MonRoi"]

1. d4 Nf6 2. c4 c5 3. d5 e5 4. Nc3 d6 5. e4 Be7 6. g3 O-O 7. Bg2 g6 8. Nge2 a6
9. a4 Nh5 10. O-O Nd7 11. Bh6 Re8 12. Qd2 Ndf6 13. f3 Kh8 14. Rae1 Bd7 15. Be3
Qc8 16. Kh1 Bd8 17. Qc2 Ng7 18. Bc1 Bh3 19. f4 Bxg2+ 20. Kxg2 Qd7 21. Ng1 exf4
22. Bxf4 Ngh5 23. Bc1 Ng4 24. Nf3 Bf6 25. b3 Ne5 26. Nxe5 Bxe5 27. Bb2 Kg8 28.
Nd1 b5 29. Bxe5 Rxe5 30. axb5 axb5 31. cxb5 Qxb5 32. Ne3 Re7 33. Ng4 Qb4 34.
Qb2 Qd4 35. Qxd4 cxd4 36. e5 Ra5 37. Nf6+ Kg7 38. Nxh5+ gxh5 39. exd6 Rxe1 40.
Rxe1 Rxd5 41. Kf3 Rxd6 42. Rd1 f5 43. Ke2 Rb6 44. Rxd4 Rxb3 45. Rh4 Kg6 46. Kf2
Rb2+ 47. Kf3 Kg5 48. Ke3 Rb1 49. Kf2 Rb2+ 50. Ke3 Rb1 1/2-1/2

[Event "Philadelphia International"]
[Site "Philadelphia"]
[Date "2012.07.01"]
[Round "6.9"]
[White "Kleinman, Michael"]
[Black "Chakkravarthy, Deepan"]
[Result "1/2-1/2"]
[WhiteElo "2284"]
[BlackElo "2461"]
[PlyCount "87"]
[EventDate "2012.07.??"]
[EventType "swiss"]
[EventRounds "9"]
[EventCountry "USA"]
[Source "MonRoi"]

1. e4 c5 2. Nf3 e6 3. c4 a6 4. Nc3 d6 5. d4 cxd4 6. Nxd4 Nf6 7. Be2 Qc7 8. O-O
b6 9. Be3 Bb7 10. f3 Be7 11. a4 O-O 12. Qd2 Nbd7 13. Rfc1 Rac8 14. Kh1 Rfe8 15.
a5 bxa5 16. Nb3 Bf8 17. Nxa5 Ba8 18. c5 dxc5 19. Bxa6 Rcd8 20. Qe2 h5 21. b4
cxb4 22. Nb5 Qe5 23. Nc4 Qb8 24. e5 Nc5 25. Bxc5 Bxc5 26. exf6 gxf6 27. Nd2 Qb6
28. Ne4 Bxe4 29. Qxe4 Rd5 30. Qc2 Ra8 31. Qa4 Kg7 32. h3 h4 33. Rcb1 f5 34. Qa2
Kg6 35. Nc3 Rd6 36. Qc4 Rxa6 37. Na4 Rxa4 38. Rxa4 Rd4 39. Qxd4 Bxd4 40. Rbxb4
Qc7 41. Rxd4 Qc1+ 42. Kh2 Qc7+ 43. Kh1 Qc1+ 44. Kh2 1/2-1/2